000 00757cam a2200229 a 4500
001 2561494
005 20180202073925.0
008 950714s1995 nyu b 001 0 eng
010 _a 95035391
020 _a080913604X (pbk. : alk. paper)
040 _aDLC
_cDLC
_dDLC
041 _aeng
080 _a248.482 wik
082 0 0 _a248.482 wik
_220
100 1 _a24
101 _afil
245 1 0 _aUrgings of the heart :
_cWilkie Au and Noreen Cannon.
504 _aIncludes bibliographical references (p. 157-165) and index.
906 _a7
_bcbc
_corignew
_d1
_eocip
_f19
_gy-gencatlg
942 _2ddc
_cBK
999 _c41650
_d41650